000 00957 a2200253 4500
008 080821t xxu||||| |||| 00| 0 eng d
010 _aENG-84960
020 _a0070636664
_c275.00
035 _aEN-68493
037 _bD.B.Act / Pub
082 _a613.25
100 _aBridson, Karen.
245 _aThe secrets of skinny chicks
_bhow to feel great in your favorite jeans--when it doesn't come naturally
_cKaren Bridson.
260 _aNew Delhi
_bTata McGraw-Hill Publishing
_c2007
300 _ax, 278 p.
_c23 cm. (Pbk)
500 _aIncludes index.
650 _aWeight loss.
650 _aReducing diets.
650 _aReducing exercises.
650 _aThin people
_xAttitudes.
650 _aWomen
_xHealth and hygiene.
942 _adpl
_cEN
_k613.25 / BRI
_2ddc
_h613.25
_mBRI
999 _c807
_d807